000 00829nam a2200217Ii 4500
003 JO-AjNU
008 230605s9999||||xx |||||||||||||| ||und||
020 _a978-1-56564-462-5
040 _aJO-AjNU
_bara
_erda
_cJO-AjNU
041 _aara
050 1 4 _aBP154 2012
100 3 _aشهيد، الحسان,
_eauthor
_952359
245 0 0 _aالخطاب النقدي الأصولي من تطبيقات الشاطبي الى التجديد المعاصر
250 _aط1
264 3 1 _aفيرجينيا: المعهد العالمي للفكر الاسلامي، 2012
300 _a415ص
_bالمصادر والمراجع ص 393-410 ؛ الكشاف 411-415
336 _atext
_btxt
_2rdacontent
337 _aunmediated
_bn
_2rdamedia
338 _avolume
_bnc
_2rdacarrier
650 4 _aاصول الفقه الاسلامي
_952360
999 _aA23189
_c26757
_d26757